Statistics for NBA Top 100 All-Time: Career Salaries

Click here to take the quiz!

General Stats

  • This quiz has been taken 502 times
  • The average score is 63 of 100

Answer Stats

#PlayerSalary% Correct
1LeBron James$431,859,107
100%
8Stephen Curry$302,806,362
99%
59DeAndre Jordan$168,184,285
96%
3Kevin Durant$350,292,591
95%
6Kobe Bryant$323,312,307
95%
7James Harden$316,027,334
94%
4Russell Westbrook$335,645,148
94%
9Shaquille O'Neal$286,344,668
93%
2Chris Paul$359,109,419
90%
28Klay Thompson$222,944,784
90%
43Giannis Antetokounmpo$188,837,362
89%
25Kawhi Leonard$230,926,127
87%
24Kyrie Irving$230,951,849
86%
74Nikola Jokić$151,051,929
86%
14Paul George$259,692,078
86%
16Dirk Nowitzki$251,646,362
84%
70Draymond Green$155,562,184
84%
38Dwyane Wade$196,388,473
84%
63Joel Embiid$165,972,037
84%
5Kevin Garnett$334,304,240
84%
20Tim Duncan$242,024,800
84%
27Anthony Davis$226,008,314
82%
13Carmelo Anthony$262,523,093
82%
80Baron Davis$147,279,143
81%
46Ray Allen$182,404,830
81%
23Damian Lillard$233,708,358
80%
31Jimmy Butler$218,065,231
80%
10John Wall$276,504,708
80%
39Paul Pierce$195,132,032
80%
65Tony Parker$165,843,436
80%
84Steve Nash$144,655,827
79%
15Blake Griffin$255,764,829
78%
33Bradley Beal$214,276,848
78%
57Vince Carter$171,885,974
78%
32Joe Johnson$215,168,975
77%
81Karl-Anthony Towns$146,251,523
77%
21Chris Bosh$239,063,622
76%
26DeMar DeRozan$229,009,827
76%
19Dwight Howard$245,142,483
75%
78Juwan Howard$149,014,155
75%
12Kevin Love$264,204,264
75%
49Marc Gasol$181,665,456
74%
30Pau Gasol$220,990,766
74%
100Devin Booker$130,516,653
73%
60Jermaine O'Neal$167,579,153
73%
18Kyle Lowry$245,366,160
73%
54Rudy Gobert$176,207,582
73%
45Derrick Rose$183,017,463
72%
71Allen Iverson$154,770,668
71%
69Deron Williams$159,486,361
71%
48Jason Kidd$182,027,968
71%
41Khris Middleton$194,368,452
69%
67Tracy McGrady$162,425,370
68%
56Brook Lopez$172,049,673
64%
11Al Horford$265,636,768
62%
29Jrue Holiday$221,095,205
62%
95Thaddeus Young$135,403,318
62%
68Amar'e Stoudemire$161,628,892
61%
58Andrew Wiggins$170,841,254
61%
40Kemba Walker$194,838,117
61%
75Rasheed Wallace$150,980,511
60%
35Tobias Harris$209,233,355
59%
51C.J. McCollum$179,591,129
58%
34LaMarcus Aldridge$213,385,919
57%
17Mike Conley$249,767,986
57%
91Andre Drummond$138,538,705
55%
90D'Angelo Russell$138,638,166
54%
53Eric Gordon$176,573,293
52%
22Gordon Hayward$236,884,749
52%
89Kristaps Porzingis$139,181,582
52%
92Serge Ibaka$138,344,340
52%
47Andre Iguodala$182,314,035
51%
72Nikola Vučević$154,338,639
51%
52Chris Webber$178,230,697
46%
86Joakim Noah$142,929,510
45%
97Shawn Marion$133,417,923
45%
87Grant Hill$141,008,544
44%
44Tyson Chandler$187,576,101
44%
37Zach Randolph$196,597,245
44%
42Paul Millsap$192,540,558
43%
83Steven Adams$145,144,832
43%
61Harrison Barnes$166,158,501
40%
66Gilbert Arenas$163,475,636
37%
79Alonzo Mourning$147,456,180
34%
85Carlos Boozer$143,475,590
34%
76Goran Dragić$150,854,721
34%
55Rudy Gay$174,781,320
34%
77Stephon Marbury$150,537,595
33%
96Al Jefferson$133,787,578
31%
73Rashard Lewis$151,217,496
31%
88Antawn Jamison$139,225,261
28%
62Luol Deng$166,056,673
28%
50Nicolas Batum$179,897,537
27%
82Eric Bledsoe$146,127,507
24%
64Elton Brand$165,901,096
23%
36Danilo Gallinari$196,904,746
21%
93Michael Finley$136,504,352
19%
94Allan Houston$135,524,792
14%
98Nenê Hilario$132,803,777
13%
99Derrick Favors$130,730,734
11%

Score Distribution

Percentile by Number Answered

Percent of People with Each Score

Your Score History

You have not taken this quiz